Statystyki dla Piłkarska kariera Wesleya Sneijdera.

Kliknij tutaj aby rozwiązać quiz!

Ogólne statystyki

  • Ten quiz został rozwiązany 85 razy
  • Średni wynik to 3 z 6

Statystyki odpowiedzi

LataDrużyna% Poprawnych
2009-2013Inter
91%
2013-2017Galatasaray
82%
2003-2007Ajax
77%
2007-2009Real Madryt
74%
2017-2018Nice
15%
2018-2019Al-Gharafa
5%

Rozkład punktacji

Percentyl według liczby udzielonych odpowiedzi

Procent ludzi z każdym wynikiem

Twoja historia wyników

Nie rozwiązałeś tego quizu